000 00796nam a22002177a 4500
999 _c22592
_d22592
003 AR-CdUCM
008 190425b ||||| |||| 00| 0 spa d
020 _a9786124347535
040 _aMUNICIPALIDAD PROVINCIAL DEL CUSCO
_cBIBLIOTECA MUNICIPAL DEL CUSCO
082 _aPI/869.56/T33A
_bT33A
100 _aTejo Gómez, Heriberto
_95424
245 _aAnimalario del Perú :
_bde la A a la Z en versos de un poeta /
_cHeriberto Tejo ; ilustraciones de Fátima Ordinola
260 _aLima :
_bPanamericana Editorial,
_c2020.
300 _a31 páginas. :
_bilustraciones en color ;
_c22 x 27 cm.
650 _aPoesías infantiles peruanas
_95425
650 _aAnimales
_948594
650 _aPoesías
_948595
700 _aOrdinola, Fátima
_eilustrador
_948596
942 _2ddc
_cLIBROS
945 _arac